1960 1719 1228 1658 1226 1436 1450 1043 1945 1645 1835 1095 1217 1930 1478 1758 1591 1353 1293 1630 1626 1315 1829 1147 1389 1994 1660 1875 1938 1270 1281 1853 1503 1693 1217 1317 1388 1918 1991 1991 1857 1605 1072 1393 1282 1425 1690 1436 1483 1991 1451 1543 1940 1057 1525 1310 1032 1898 1394 1114 1954 1239 1817 1837 1805 1000 1134 1096 1003 1004 1201 1911 1230 1338 1098 1300 1992 1696 1216 1109 1359 1277 1653 1568 1526 1186 1889 1962 1906 1744 1752 1056 1585 1552 1284 1822 1771 1136 1473 BCNSPRNW ULIB Ver.6.0+V

เปลี่ยนเป็นภาษาไทย

Change to English
 แสดงรายละเอียดบรรณานุกรม
  กลับหน้าหลัก

Brief Record : Get Marc (ISO 2709) : E-mail record : QR code < ปิดหน้าต่าง
LEADER : 00000nam 2200000uu 4500
001    13399112207
003     ULIB
008    110801s2554||||th 000 0 tha d
020    9786160602421
090    นว.^bอ525พ 2554
100 0  อัญชรีย์
245 00 พันธนาการดาว./^cอัญชรีย์
250    พิมพ์ครั้งที่ 2
260    กรุงเทพฯ:^bแจ่มใส, ^c2554.
300    355 หน้า
945    ^p219^l0^i18462
995    เกษร
999 ^a ใช้งานได้ทุกระบบ
รายการนี้ยังไม่มีแท็ก
คุณยังไม่ได้ล็อกอิน คุณสามารถมีกิจกรรมร่วมกับเว็บไซต์ได้ แต่ต้องล็อกอินก่อน ::
  ล็อกอิน

รายการสื่อสารสนเทศ

ลำดับที่ ประเภท เลขเรียก/บาร์โค้ด สถานที่ สถานะ
1. นวนิยาย
นวนิยาย
นว. อ525พ 2554  
  Barcode: 18462
ห้องสมุดวิทยาเขตสวรรค์ประชารักษ์
►นวนิยาย
บนชั้น
  ขอยืม

รายการใกล้เคียง
    ผู้แต่ง [อัญชรีย์]

BibComment


ยังไม่เคยถูกคอมเมนท์

คอมเมนท์ทรัพยากรรายการนี้
  คอมเมนท์: พันธนาการดาว อัญช..


 Copyright 2026. Bcnsprnw @Library